000 00346nam a2200145Ia 4500
008 221030s9999 xx 000 0 und d
041 _aEnglish
082 _a105.23
100 _aA. Schure
245 0 _aBasic Television Vol. 1 - 5
_cby A. Schure
260 _bGalgotia Pub
_aNew Delhi
_c1958
300 _a5-135
650 _aECE
942 _cBK
999 _c10535
_d10535